[Event "III Memorial Aldo Perini A"]
[Site "Senigallia ITA"]
[Date "2009.08.06"]
[Round "6"]
[White "Proietti, Tosca"]
[Black "Palmitessa, Chiara"]
[Result "1-0"]
[WhiteElo "1829"]
[BlackElo "1807"]
[PlyCount "129"]
[EventDate "2009.08.01"]

1. e4 e5 2. Nc3 Nc6 3. Bc4 Nf6 4. d3 Bc5 5. Bg5 h6 6. Bh4 d6 7. Nd5 g5 8. Nxf6+
Qxf6 9. Bg3 h5 10. h4 g4 11. Ne2 Be6 12. Bb3 O-O-O 13. Nc3 Nd4 14. Nd5 Qg7 15.
Ne3 Nxb3 16. axb3 d5 17. exd5 Bxd5 18. O-O Rhf8 19. Ra5 b6 20. Rxa7 Bb7 21. Qe2
f5 22. Nxf5 Rxf5 23. Rxb7 Rdf8 24. Ra7 Qf6 25. Ra8+ Kb7 26. Rxf8 Qxf8 27. c3
Kb8 28. b4 Bd6 29. Qe4 Kc8 30. Qa8+ Kd7 31. Qxf8 Rxf8 32. Re1 Ke6 33. d4 Rf5
34. Kf1 Kd5 35. dxe5 Bxe5 36. Bxe5 Rxe5 37. Rxe5+ Kxe5 38. Ke2 Ke4 39. b5 Kd5
40. Kd3 Kc5 41. c4 Kd6 42. b4 Ke5 43. Ke3 Kf5 44. Kd4 Kf4 45. Kd3 Kf5 46. Ke3
Ke5 47. f3 gxf3 48. Kxf3 Kd4 49. g4 hxg4+ 50. Kxg4 Kxc4 51. h5 Kxb5 52. h6 Kxb4
53. h7 c5 54. h8=Q Kb3 55. Qb8 c4 56. Qxb6+ Kc2 57. Kf3 c3 58. Ke2 Kc1 59. Qh6+
Kb2 60. Qb6+ Kc2 61. Qe3 Kb2 62. Kd3 c2 63. Qd2 Ka1 64. Kxc2 Ka2 65. Qa5# 1-0

[Event "III Memorial Aldo Perini A"]
[Site "Senigallia ITA"]
[Date "2009.08.06"]
[Round "6"]
[White "Raselli, Claudio"]
[Black "Mazzariol, Oscar"]
[Result "0-1"]
[WhiteElo "1984"]
[BlackElo "2067"]
[PlyCount "64"]
[EventDate "2009.08.01"]

1. d4 Nf6 2. Bg5 g6 3. Bxf6 exf6 4. e3 Bg7 5. Ne2 b6 6. c4 f5 7. Nbc3 Bb7 8.
Nf4 O-O 9. Be2 Re8 10. O-O d6 11. Bf3 c6 12. Rc1 a6 13. b4 Qd7 14. Qb3 Ra7 15.
Rfd1 Bh8 16. c5 b5 17. cxd6 g5 18. Nd3 Qxd6 19. Nc5 Bc8 20. a4 Nd7 21. axb5
axb5 22. Ra1 Rxa1 23. Rxa1 g4 24. Be2 Nxc5 25. bxc5 Qf6 26. Ra8 Kf8 27. g3 h5
28. h4 gxh3 29. Bxh5 f4 30. Ne4 Qf5 31. Nd6 Qxh5 32. Nxe8 Qf3 0-1

[Event "III Memorial Aldo Perini A"]
[Site "Senigallia ITA"]
[Date "2009.08.06"]
[Round "6"]
[White "Rebeggiani, Luca"]
[Black "Rago, Riccardo"]
[Result "0-1"]
[WhiteElo "2019"]
[BlackElo "2088"]
[PlyCount "78"]
[EventDate "2009.08.01"]

1. Nf3 d5 2. e3 e6 3. d4 Nf6 4. c4 c6 5. Nc3 Bd6 6. Ne5 dxc4 7. Nxc4 Be7 8. e4
O-O 9. Be3 b5 10. Nd2 b4 11. Na4 Nbd7 12. Be2 e5 13. Qc2 exd4 14. Bxd4 Nb6 15.
Be3 Qc7 16. h3 Rd8 17. O-O Nxa4 18. Qxa4 Bb7 19. Rac1 Qe5 20. Nc4 Qb5 21. Qc2
c5 22. Nd6 Qc6 23. Nxb7 Qxb7 24. Bf3 Rac8 25. Qc4 Qc7 26. g3 Bd6 27. Bg2 Nd7
28. f4 Nb6 29. Qb5 c4 30. Rfd1 h6 31. e5 Be7 32. Rxd8+ Rxd8 33. Bxb6 axb6 34.
Rxc4 Bc5+ 35. Kh2 Rd2 36. Re4 Qd8 37. Re2 Rd1 38. h4 Qc8 39. Bh3 Bg1+ 0-1

[Event "III Memorial Aldo Perini A"]
[Site "Senigallia ITA"]
[Date "2009.08.06"]
[Round "6"]
[White "Rombaldoni, Axel"]
[Black "Stromboli, Ettore"]
[Result "1/2-1/2"]
[WhiteElo "2425"]
[BlackElo "2272"]
[PlyCount "29"]
[EventDate "2009.08.01"]

1. e4 e6 2. d4 d5 3. Nc3 Bb4 4. a3 Bxc3+ 5. bxc3 dxe4 6. Qg4 Nf6 7. Qxg7 Rg8 8.
Qh6 Nbd7 9. a4 c5 10. Ne2 b6 11. Nf4 Bb7 12. Bb5 Qe7 13. dxc5 Qxc5 14. O-O
O-O-O 15. Bxd7+ 1/2-1/2

[Event "III Memorial Aldo Perini A"]
[Site "Senigallia ITA"]
[Date "2009.08.06"]
[Round "6"]
[White "Rotoni, Matteo"]
[Black "Dvirnyy, Danyyil"]
[Result "0-1"]
[WhiteElo "2189"]
[BlackElo "2440"]
[PlyCount "132"]
[EventDate "2009.08.01"]

1. e4 e6 2. d4 d5 3. e5 c5 4. c3 Nc6 5. Be3 Nh6 6. Nf3 Nf5 7. Bd3 Nxe3 8. fxe3
Be7 9. O-O O-O 10. Qc2 g6 11. Qe2 Qb6 12. b3 f6 13. Nbd2 Bd7 14. Rad1 Rac8 15.
Kh1 cxd4 16. exd4 fxe5 17. dxe5 Qa5 18. Nb1 Rf4 19. a3 Rcf8 20. b4 Qc7 21. Nbd2
a5 22. Rc1 Qb6 23. g3 R4f7 24. b5 Nb8 25. a4 Ba3 26. Rcd1 Be7 27. c4 Bc8 28.
cxd5 exd5 29. Kg2 Be6 30. h3 Nd7 31. Nb3 Nc5 32. Nxc5 Qxc5 33. Nh2 Kg7 34.
Rxf7+ Rxf7 35. Rf1 Rxf1 36. Nxf1 Qd4 37. Bc2 Bc5 38. g4 h5 39. Nh2 Qg1+ 40. Kf3
h4 41. Nf1 b6 42. Qg2 Qd4 43. Qe2 Qg1 44. Qg2 Qxg2+ 45. Kxg2 Bd4 46. Bb3 Kf7
47. Kf3 Ke7 48. Kf4 Bb2 49. Kg5 Bxe5 50. Ne3 Bd4 51. Nc2 Bf2 52. Kxg6 d4 53.
Na1 d3 54. Bd1 Kd6 55. Nb3 Ke5 56. Nd2 Bd5 57. Kh5 Kf4 58. g5 Kg3 59. Bb3 Bg2
60. g6 Bd4 61. Bc4 Bxh3 62. Bxd3 Bg4+ 63. Kh6 Be3+ 64. Kh7 Bxd2 65. g7 Be6 66.
Bf5 Bxf5+ 0-1

[Event "III Memorial Aldo Perini A"]
[Site "Senigallia ITA"]
[Date "2009.08.06"]
[Round "6"]
[White "Rovedi, Mauro"]
[Black "Marsili, Riccardo"]
[Result "1/2-1/2"]
[WhiteElo "2033"]
[BlackElo "1873"]
[PlyCount "101"]
[EventDate "2009.08.01"]

1. f4 d5 2. Nf3 Nf6 3. e3 g6 4. b3 Bg7 5. Bb2 O-O 6. Be2 c5 7. O-O Nc6 8. Ne5
Qc7 9. Nxc6 Qxc6 10. Bf3 Qd7 11. Be5 b6 12. d3 Bb7 13. Qe1 Ne8 14. Bxg7 Nxg7
15. Nd2 Qd6 16. Rd1 e5 17. Nc4 Qe7 18. Nxe5 Rae8 19. Bg4 f6 20. Nf3 Qxe3+ 21.
Qxe3 Rxe3 22. Rfe1 Rfe8 23. Rxe3 Rxe3 24. Kf2 Re8 25. Re1 Rxe1 26. Nxe1 Kf7 27.
c3 Ke7 28. Nc2 Kd6 29. g3 Bc6 30. d4 Ne8 31. h4 Nc7 32. Be2 Nb5 33. Bxb5 Bxb5
34. Ke3 Bd7 35. dxc5+ bxc5 36. b4 a6 37. Kd2 h6 38. Ne3 h5 39. c4 dxc4 40.
Nxc4+ Kc6 41. a3 cxb4 42. axb4 Be6 43. Ne3 Kb5 44. Kc3 Kc6 45. Kd4 Kd6 46. Nd1
Bg4 47. Nc3 Bc8 48. Ne4+ Ke6 49. Kc5 Bd7 50. Kd4 Bb5 51. Nf2 1/2-1/2

[Event "III Memorial Aldo Perini A"]
[Site "Senigallia ITA"]
[Date "2009.08.06"]
[Round "6"]
[White "Salmoiraghi, Angelo"]
[Black "Lavric, Mihail"]
[Result "1-0"]
[WhiteElo "2151"]
[BlackElo "1986"]
[PlyCount "103"]
[EventDate "2009.08.01"]

1. e4 c5 2. Nc3 Nc6 3. f4 e6 4. Nf3 d6 5. Bb5 Bd7 6. O-O g6 7. d3 Bg7 8. Bxc6
bxc6 9. e5 d5 10. Na4 Qa5 11. c4 Bf8 12. b3 Nh6 13. Ba3 Nf5 14. Qe2 h5 15. Qe1
Qxe1 16. Raxe1 Nd4 17. Bxc5 Nf5 18. Bxf8 Kxf8 19. g3 Kg7 20. Kf2 Rhd8 21. Rd1
Be8 22. Rfe1 Rdb8 23. h3 a5 24. c5 Ra7 25. Nb6 Ne7 26. Nd4 Nc8 27. Nxc8 Rxc8
28. Nc2 a4 29. b4 Rb8 30. a3 Rab7 31. Nd4 Bd7 32. g4 hxg4 33. hxg4 Rc7 34. Rh1
Rh8 35. Rxh8 Kxh8 36. Rh1+ Kg7 37. g5 Bc8 38. Ke3 Ba6 39. Rh6 Rc8 40. Nf3 Bb5
41. Nh2 Rh8 42. Rxh8 Kxh8 43. Nf3 Ba6 44. Nd4 Bb7 45. Kd2 Kg8 46. Kc3 Kf8 47.
b5 cxb5 48. Kb4 Ke8 49. Kxb5 Kd8 50. Kb6 Bc8 51. c6 Ke7 52. Nb5 1-0

[Event "III Memorial Aldo Perini A"]
[Site "Senigallia ITA"]
[Date "2009.08.06"]
[Round "6"]
[White "Scivales, Daniel"]
[Black "Busetto, Giorgio"]
[Result "1/2-1/2"]
[WhiteElo "2037"]
[BlackElo "1882"]
[PlyCount "52"]
[EventDate "2009.08.01"]

1. d4 Nf6 2. c4 g6 3. Nc3 Bg7 4. e4 d6 5. Nf3 Nbd7 6. Be2 O-O 7. O-O c6 8. h3
e5 9. Be3 exd4 10. Nxd4 Re8 11. Qc2 Nc5 12. f3 Qe7 13. Nb3 Nxb3 14. Qxb3 Be6
15. Qc2 Nh5 16. Rfe1 Be5 17. g4 Nf4 18. Bf1 h5 19. Ne2 Qf6 20. Nxf4 Bxf4 21.
Qf2 hxg4 22. fxg4 Qe5 23. Rad1 Kg7 24. Rd2 Rad8 25. b3 g5 26. Bg2 f6 1/2-1/2

[Event "III Memorial Aldo Perini A"]
[Site "Senigallia ITA"]
[Date "2009.08.06"]
[Round "6"]
[White "Stromboli, Carlo"]
[Black "Lucchi, Lorenzo"]
[Result "1-0"]
[WhiteElo "2289"]
[BlackElo "2040"]
[PlyCount "51"]
[EventDate "2009.08.01"]

1. e4 e6 2. d4 b6 3. Nc3 Bb7 4. Bd3 Bb4 5. Nge2 c5 6. a3 Bxc3+ 7. Nxc3 cxd4 8.
Nb5 e5 9. Nd6+ Ke7 10. Nxb7 Qc7 11. f4 exf4 12. Qg4 Nf6 13. Qxf4 d6 14. Nxd6
Qxd6 15. e5 Qe6 16. O-O Nd5 17. Qg5+ Ke8 18. Qxg7 Rf8 19. Bh6 Nd7 20. Bf5 Qc6
21. Bxd7+ Kxd7 22. Qg4+ Kc7 23. Bxf8 Rxf8 24. Qxd4 Rg8 25. Rxf7+ Kb8 26. Rf2
1-0

[Event "III Memorial Aldo Perini A"]
[Site "Senigallia ITA"]
[Date "2009.08.07"]
[Round "7"]
[White "Bonazzi, Edoardo"]
[Black "Rotoni, Matteo"]
[Result "1/2-1/2"]
[WhiteElo "2183"]
[BlackElo "2189"]
[PlyCount "73"]
[EventDate "2009.08.01"]

1. Nf3 d5 2. c4 d4 3. g3 Nc6 4. Bg2 e5 5. d3 Nf6 6. O-O Nd7 7. Na3 Nc5 8. Nc2
a5 9. Bd2 Be7 10. Rb1 O-O 11. b4 axb4 12. Nxb4 Nxb4 13. Bxb4 f6 14. Bxc5 Bxc5
15. Nd2 Rxa2 16. Bxb7 Bxb7 17. Rxb7 Kh8 18. Rb5 Be7 19. Nf3 Qa8 20. Re1 c6 21.
Rb3 Bd6 22. Qb1 Ra7 23. Qc2 Ra2 24. Rb2 Rxb2 25. Qxb2 Rb8 26. Ra1 Rxb2 27.
Rxa8+ Rb8 28. Ra6 Rc8 29. Nd2 Kg8 30. Nb3 Bb4 31. Kg2 Rc7 32. g4 Kf7 33. Kf3
Ke7 34. Ke4 Kd6 35. f4 Re7 36. f5 Rb7 37. Na5 1/2-1/2

[Event "III Memorial Aldo Perini A"]
[Site "Senigallia ITA"]
[Date "2009.08.07"]
[Round "7"]
[White "Bozzali, Ermanno"]
[Black "Di Trapani, Davide"]
[Result "1/2-1/2"]
[WhiteElo "2080"]
[BlackElo "1883"]
[PlyCount "97"]
[EventDate "2009.08.01"]

1. d4 d5 2. Nf3 Nf6 3. c4 e6 4. Nc3 Be7 5. cxd5 exd5 6. Bg5 c6 7. e3 Nbd7 8.
Bd3 O-O 9. Qc2 Re8 10. h3 Nf8 11. Ne5 g6 12. O-O Ne6 13. Bh4 Ng7 14. f3 Bf5 15.
Bf2 Bxd3 16. Qxd3 Bd6 17. f4 Nd7 18. g4 f6 19. Bh4 g5 20. Nxd7 gxh4 21. Nc5 Qe7
22. e4 Bxc5 23. dxc5 Qxc5+ 24. Kg2 d4 25. Ne2 Rad8 26. Ng1 Qb4 27. Rab1 Ne6 28.
a3 Qd6 29. Qb3 Kh8 30. Qf3 Nc5 31. Rfe1 d3 32. Rbd1 Qd4 33. e5 Qxb2+ 34. Kh1 d2
35. Rf1 Rd3 36. Qf2 Ne4 37. Qxh4 Qd4 38. Nf3 Qd8 39. exf6 Qxf6 40. Qxf6+ Nxf6
41. Rxd2 Rxa3 42. Ng5 Ree3 43. Kg2 Rg3+ 44. Kf2 h6 45. Rd8+ Kg7 46. Re1 Nxg4+
47. hxg4 hxg5 48. Rd7+ Kf6 49. Rd6+ 1/2-1/2

[Event "III Memorial Aldo Perini A"]
[Site "Senigallia ITA"]
[Date "2009.08.07"]
[Round "7"]
[White "Bruno, Fabrizio P."]
[Black "Recchi, Antonio"]
[Result "0-1"]
[WhiteElo "1989"]
[BlackElo "1881"]
[PlyCount "64"]
[EventDate "2009.08.01"]

1. e4 c5 2. Nc3 Nc6 3. f4 e6 4. Nf3 a6 5. a4 b6 6. g3 Bb7 7. Bg2 d6 8. O-O Be7
9. d4 cxd4 10. Nxd4 Nf6 11. Be3 Rc8 12. Qe2 Na5 13. Rad1 Nc4 14. Bc1 O-O 15.
Rd3 d5 16. e5 Nd7 17. b3 Na5 18. f5 Bc5 19. Be3 Nxe5 20. Rdd1 Bxd4 21. Bxd4
Nec6 22. Be3 Ne7 23. f6 gxf6 24. Rxf6 Ng6 25. Bg5 Qc7 26. Rd3 Nc6 27. h4 Nce5
28. Re3 d4 29. Rxe5 Bxg2 30. Kxg2 Nxe5 31. Bf4 Qc6+ 32. Kh3 Qh1+ 0-1

[Event "III Memorial Aldo Perini A"]
[Site "Senigallia ITA"]
[Date "2009.08.07"]
[Round "7"]
[White "Busetto, Giorgio"]
[Black "Rovedi, Mauro"]
[Result "0-1"]
[WhiteElo "1882"]
[BlackElo "2033"]
[PlyCount "50"]
[EventDate "2009.08.01"]

1. e4 g6 2. d4 Bg7 3. Nc3 d6 4. Bc4 Nf6 5. f3 c6 6. Nge2 b5 7. Bb3 O-O 8. Be3
a5 9. a4 b4 10. Na2 Na6 11. Qd2 Qc7 12. Bh6 c5 13. Bxg7 Kxg7 14. dxc5 Nxc5 15.
Nac1 Ba6 16. g4 Rac8 17. Nd4 e5 18. Nf5+ Kh8 19. Qg5 Qd8 20. Ne3 Ne6 21. Qh4
Nd4 22. Qg3 Qb6 23. Qf2 d5 24. Nd3 Bxd3 25. Kd2 Nxb3+ 0-1

[Event "III Memorial Aldo Perini A"]
[Site "Senigallia ITA"]
[Date "2009.08.07"]
[Round "7"]
[White "Cannada Bartoli, Vincenzo"]
[Black "Ferrante, Marco"]
[Result "0-1"]
[WhiteElo "1981"]
[BlackElo "2128"]
[PlyCount "118"]
[EventDate "2009.08.01"]

1. c4 c6 2. g3 d5 3. cxd5 Qxd5 4. Nf3 e5 5. Nc3 Qa5 6. Bg2 Nf6 7. O-O e4 8. Ne1
Bf5 9. d3 exd3 10. Nxd3 Nbd7 11. e4 Be6 12. Re1 Rd8 13. Bd2 Qa6 14. Nf4 Ne5 15.
Ncd5 Bd6 16. Nxf6+ gxf6 17. Nxe6 fxe6 18. Qh5+ Ke7 19. Bc3 Nf7 20. Rad1 Qb5 21.
Qxb5 cxb5 22. Kf1 Ne5 23. f4 Nc6 24. Ke2 h5 25. h4 Rhg8 26. Kf3 b4 27. Bd4 e5
28. Be3 Rg7 29. Bh3 Rdg8 30. Bf2 Nd4+ 31. Kg2 Nc6 32. f5 b6 33. Rd3 Nd4 34.
Ree3 Bc5 35. Re1 Nb5 36. Bxc5+ bxc5 37. Red1 Nd4 38. Rc1 Kd6 39. Kf2 Rxg3 40.
Rxg3 Rxg3 41. Kxg3 Ne2+ 42. Kf2 Nxc1 43. Ke3 c4 44. Bf1 Kc5 45. Kd2 Nxa2 46.
Be2 c3+ 47. Kc2 cxb2 48. Bxh5 Nc3 49. Kxb2 Nxe4 50. Bg6 Kd4 51. h5 Ng5 52. h6
e4 53. h7 Nxh7 54. Bxh7 e3 55. Kc1 Kc3 56. Kd1 b3 57. Bg8 a5 58. Ke2 a4 59.
Kxe3 a3 0-1

[Event "III Memorial Aldo Perini A"]
[Site "Senigallia ITA"]
[Date "2009.08.07"]
[Round "7"]
[White "Dvirnyy, Danyyil"]
[Black "Stromboli, Carlo"]
[Result "1-0"]
[WhiteElo "2440"]
[BlackElo "2289"]
[PlyCount "123"]
[EventDate "2009.08.01"]

1. c4 Nf6 2. Nf3 e6 3. g3 d5 4. d4 Nbd7 5. cxd5 exd5 6. Nc3 c6 7. Bg2 Be7 8.
O-O O-O 9. Qc2 Re8 10. Bf4 Nf8 11. Rad1 Ng6 12. Bc1 Bf8 13. Rfe1 Bd7 14. Nd2
Qb6 15. Nb3 Rad8 16. Bg5 Be7 17. Nc5 Bc8 18. N5a4 Qb4 19. a3 Qd6 20. b4 h6 21.
Bc1 Bf8 22. Nc5 Qb8 23. Nb3 Ng4 24. e4 dxe4 25. Bxe4 Ne7 26. Bf4 Qa8 27. d5
Nxd5 28. Nxd5 cxd5 29. Bc7 dxe4 30. Rxd8 Rxd8 31. Bxd8 Bf5 32. Qc7 h5 33. Nd4
Bg6 34. h3 Ne5 35. Qxe5 Qxd8 36. Re3 Be7 37. Nf5 Qd1+ 38. Kg2 Bf6 39. Qxe4 Kh7
40. Rf3 b6 41. g4 Qc1 42. Re3 Qc8 43. Rf3 Qc1 44. b5 Qd2 45. a4 Qc1 46. Qf4 Qb2
47. Re3 Qd2 48. Qf3 Qd7 49. Rd3 Qe6 50. Rd5 h4 51. Qd3 Qe1 52. Rd7 Be5 53. Qf3
Bb8 54. Re7 Qb4 55. Re8 Bd6 56. Nxh4 Bc2 57. Qxf7 Be4+ 58. Rxe4 Qxe4+ 59. Qf3
Qd4 60. Qf5+ Kh8 61. Nf3 Qc4 62. Ng5 1-0

[Event "III Memorial Aldo Perini A"]
[Site "Senigallia ITA"]
[Date "2009.08.07"]
[Round "7"]
[White "Fontana, Enrico"]
[Black "Castellano, Alfonso"]
[Result "1-0"]
[WhiteElo "2130"]
[BlackElo "1952"]
[PlyCount "69"]
[EventDate "2009.08.01"]

1. d4 Nf6 2. Nf3 g6 3. Nbd2 Bg7 4. e4 d6 5. Bd3 O-O 6. O-O Nbd7 7. Re1 e5 8. c3
c6 9. a4 Qc7 10. dxe5 dxe5 11. Qc2 Nc5 12. Bf1 b6 13. b4 Ne6 14. Nc4 Nh5 15. b5
Bb7 16. Ba3 Rfd8 17. Rad1 Nc5 18. Bxc5 bxc5 19. Ne3 Nf6 20. Nd2 Rd7 21. f3 Rad8
22. Ndc4 Bh6 23. Rxd7 Rxd7 24. Rd1 Rxd1 25. Qxd1 Qd7 26. Qxd7 Nxd7 27. Ng4 Bg7
28. Nd6 Ba8 29. Nc8 h5 30. Ne3 Nb6 31. Nxb6 axb6 32. Nc4 cxb5 33. Nxb6 Bb7 34.
Bxb5 f5 35. a5 1-0

[Event "III Memorial Aldo Perini A"]
[Site "Senigallia ITA"]
[Date "2009.08.07"]
[Round "7"]
[White "Frontini, Fabio"]
[Black "Corti, Corrado"]
[Result "1-0"]
[WhiteElo "1943"]
[BlackElo "2045"]
[PlyCount "50"]
[EventDate "2009.08.01"]

1. e4 e5 2. Nf3 d6 3. d4 exd4 4. Nxd4 Nf6 5. Bg5 Be7 6. Bxf6 Bxf6 7. c3 Nd7 8.
Bd3 Nc5 9. Bc2 O-O 10. O-O Re8 11. Re1 Ne6 12. Qd3 g6 13. g3 c6 14. f4 Qb6 15.
Nd2 Nxd4 16. cxd4 Qxd4+ 17. Kg2 Qxd3 18. Bxd3 Bxb2 19. Rab1 Bc3 20. Re2 d5 21.
e5 Bg4 22. Nf3 b6 23. Rc2 d4 24. h4 Kg7 25. h5 b5 1-0

[Event "III Memorial Aldo Perini A"]
[Site "Senigallia ITA"]
[Date "2009.08.07"]
[Round "7"]
[White "Grazzi, Roberto"]
[Black "Salmoiraghi, Angelo"]
[Result "0-1"]
[WhiteElo "2026"]
[BlackElo "2151"]
[PlyCount "130"]
[EventDate "2009.08.01"]

1. e4 c5 2. c3 Nf6 3. e5 Nd5 4. d4 cxd4 5. cxd4 d6 6. Nf3 Nc6 7. exd6 Qxd6 8.
Nc3 Bg4 9. Be2 e6 10. O-O Be7 11. Ne4 Qc7 12. Be3 O-O 13. Rc1 Qb6 14. Qd2 Rfd8
15. Rfd1 Bf5 16. Ng3 Bb4 17. Rc3 Bxc3 18. bxc3 Nxe3 19. fxe3 Bg6 20. Nh4 Rac8
21. Nxg6 hxg6 22. Bd3 e5 23. Ne4 exd4 24. exd4 Rd5 25. Rb1 Qc7 26. Bc4 Rdd8 27.
Bb3 Na5 28. Rc1 Nxb3 29. axb3 Qb6 30. b4 a5 31. bxa5 Qxa5 32. Qb2 b6 33. Rb1
Qf5 34. Ng3 Qd3 35. Qxb6 Qe3+ 36. Kh1 Qxc3 37. Ne2 Qd3 38. Ng1 Rxd4 39. h3 Rdc4
40. Re1 Rc1 41. Rxc1 Rxc1 42. Kh2 Rb1 43. Qc5 Rb2 44. Qg5 Qd6+ 45. Qg3 Qxg3+
46. Kxg3 f6 47. Nf3 Kf7 48. h4 Ra2 49. Ne1 Ke6 50. Kf3 Ra1 51. Nc2 Rh1 52. g3
Rc1 53. Ne3 Rc3 54. Kf4 Ra3 55. Nc2 Ra4+ 56. Kf3 Ke5 57. Ne1 Ra3+ 58. Kg4 Ke4
59. Kh3 Ra2 60. Ng2 g5 61. hxg5 fxg5 62. Ne1 Re2 63. Ng2 g4+ 64. Kh2 Kf3 65.
Kh1 Kxg3 0-1

[Event "III Memorial Aldo Perini A"]
[Site "Senigallia ITA"]
[Date "2009.08.07"]
[Round "7"]
[White "Gromovs, Sergejs"]
[Black "Rombaldoni, Axel"]
[Result "0-1"]
[WhiteElo "2339"]
[BlackElo "2425"]
[PlyCount "126"]
[EventDate "2009.08.01"]

1. d4 Nf6 2. Nf3 g6 3. c4 Bg7 4. Nc3 d5 5. cxd5 Nxd5 6. e4 Nxc3 7. bxc3 c5 8.
Rb1 Qa5 9. Rb5 Qxc3+ 10. Bd2 Qa3 11. Qc2 c4 12. Bxc4 Nc6 13. O-O a6 14. Rb3 Qa4
15. Qd3 Na5 16. Bxf7+ Kxf7 17. Ra3 Qc4 18. Bxa5 Qxd3 19. Rxd3 Bd7 20. Ng5+ Ke8
21. Rc1 h6 22. Nf3 Rf8 23. h3 Bc6 24. d5 Bb5 25. Rd2 Rf4 26. e5 Rc4 27. Rxc4
Bxc4 28. d6 exd6 29. exd6 Kd7 30. Nh4 Re8 31. Rc2 b5 32. Bb4 Re6 33. Nf3 Bf8
34. a4 Bxd6 35. axb5 axb5 36. Rd2 Kc7 37. Ba5+ Kb7 38. g3 Ka6 39. Bc3 b4 40.
Bg7 h5 41. Rd1 Bc5 42. Rc1 Kb5 43. Nd4+ Bxd4 44. Bxd4 b3 45. f3 Re2 46. h4 Rd2
47. Bf6 Rd3 48. Kg2 Bd5 49. Rf1 Kb4 50. Rf2 Rd1 51. Be7+ Kc3 52. Bf6+ Kd3 53.
Bg5 Kd4 54. Bf6+ Ke3 55. Bg5+ Kd3 56. Bh6 Bc6 57. Bg5 Re1 58. Rd2+ Kc3 59. Rf2
Re6 60. Bh6 Re7 61. Bc1 Rf7 62. Ba3 Kd3 63. Bc1 Rxf3 0-1

[Event "III Memorial Aldo Perini A"]
[Site "Senigallia ITA"]
[Date "2009.08.07"]
[Round "7"]
[White "Lavric, Mihail"]
[Black "Balzano, Aldo"]
[Result "1/2-1/2"]
[WhiteElo "1986"]
[BlackElo "1853"]
[PlyCount "103"]
[EventDate "2009.08.01"]

1. d4 Nf6 2. c4 g6 3. Nc3 Bg7 4. e4 d6 5. f3 O-O 6. Be3 e5 7. d5 c6 8. Qd2 cxd5
9. cxd5 Nbd7 10. Bd3 a6 11. Nge2 b5 12. O-O Nb6 13. Rac1 b4 14. Nb1 Rb8 15.
Qxb4 Nbxd5 16. Qxb8 Nxe3 17. Rfe1 Nh5 18. Ng3 Nxg2 19. Rxc8 Qxc8 20. Qxc8 Rxc8
21. Bxa6 Rc2 22. Rd1 Nh4 23. Nd2 Bh6 24. Ngf1 Rxb2 25. a4 Nf4 26. Kf2 Ne6 27.
Kg3 Nd4 28. Kxh4 Bxd2 29. Nxd2 Rxd2 30. Ra1 Rxh2+ 31. Kg3 Rc2 32. Ra3 Rc5 33.
Bb7 Nc6 34. Rd3 Na5 35. Ba6 Rc6 36. Bb5 Rb6 37. Rc3 Kg7 38. Rc7 Rb7 39. Rc3 Kf6
40. Rd3 Ke7 41. Kg4 f6 42. Kg3 Ke6 43. Rc3 f5 44. Rc8 Ra7 45. Re8+ Kf7 46. Rh8
Kf6 47. Rf8+ Kg5 48. Rd8 Nb3 49. exf5 Kxf5 50. Rxd6 Nc5 51. Rd1 Nxa4 52. Ra1
1/2-1/2

[Event "III Memorial Aldo Perini A"]
[Site "Senigallia ITA"]
[Date "2009.08.07"]
[Round "7"]
[White "Loccisano, Giuseppe"]
[Black "Pelagalli, Marco"]
[Result "1/2-1/2"]
[WhiteElo "1804"]
[BlackElo "1836"]
[PlyCount "37"]
[EventDate "2009.08.01"]

1. e4 c5 2. c3 e6 3. d4 cxd4 4. cxd4 d5 5. e5 Nc6 6. Nf3 Nge7 7. Bd3 Qb6 8. Nc3
Bd7 9. Bb1 Rc8 10. O-O Ng6 11. h4 Be7 12. h5 Nh4 13. Nxh4 Bxh4 14. Qg4 Qxd4 15.
Bf4 g5 16. hxg6 hxg6 17. Nb5 Qxb2 18. Nd6+ Kf8 19. Nxf7 1/2-1/2

[Event "III Memorial Aldo Perini A"]
[Site "Senigallia ITA"]
[Date "2009.08.07"]
[Round "7"]
[White "Lucchi, Lorenzo"]
[Black "Danese, Aldo"]
[Result "1/2-1/2"]
[WhiteElo "2040"]
[BlackElo "1956"]
[PlyCount "40"]
[EventDate "2009.08.01"]

1. Nf3 c6 2. b3 d5 3. Bb2 Bg4 4. Ne5 Bf5 5. e3 f6 6. Bd3 Bxd3 7. Nxd3 e5 8.
Bxe5 fxe5 9. Qh5+ Ke7 10. Qh4+ Ke8 11. Qh5+ Ke7 12. Nxe5 Nh6 13. Nc3 Qd6 14.
O-O Nd7 15. f4 g6 16. Qg5+ Ke8 17. d4 Nf5 18. e4 Be7 19. Qg4 Ne3 20. Qe2 Nxf1
1/2-1/2

[Event "III Memorial Aldo Perini A"]
[Site "Senigallia ITA"]
[Date "2009.08.07"]
[Round "7"]
[White "Magini, Fabio"]
[Black "Proietti, Tosca"]
[Result "1/2-1/2"]
[WhiteElo "2005"]
[BlackElo "1829"]
[PlyCount "23"]
[EventDate "2009.08.01"]

1. e4 c5 2. Nc3 Nc6 3. g3 Nf6 4. Bg2 d6 5. d3 g6 6. Be3 Ng4 7. Bd2 Bg7 8. h3
Nf6 9. Nge2 O-O 10. O-O Nh5 11. Nf4 Nxf4 12. Bxf4 1/2-1/2

[Event "III Memorial Aldo Perini A"]
[Site "Senigallia ITA"]
[Date "2009.08.07"]
[Round "7"]
[White "Marsili, Riccardo"]
[Black "Rebeggiani, Luca"]
[Result "0-1"]
[WhiteElo "1873"]
[BlackElo "2019"]
[PlyCount "68"]
[EventDate "2009.08.01"]

1. e4 c5 2. Nf3 Nc6 3. d4 cxd4 4. Nxd4 Nf6 5. Nc3 e5 6. Ndb5 d6 7. Bg5 a6 8.
Na3 b5 9. Nd5 Be7 10. Bxf6 Bxf6 11. c4 b4 12. Nc2 Rb8 13. b3 Bg5 14. Be2 O-O
15. O-O f5 16. f4 exf4 17. Nxf4 Ne7 18. exf5 Bxf5 19. Nd4 Qb6 20. Kh1 Rbe8 21.
Nfe6 Bxe6 22. Rxf8+ Rxf8 23. Nxe6 Rf5 24. Bd3 Re5 25. Nxg5 Rxg5 26. Qf3 Qc6 27.
Be4 Qe8 28. Rf1 Re5 29. Qd3 g6 30. Bb7 Nf5 31. Bxa6 Qa8 32. c5 Ne3 33. Bc4+ d5
34. c6 dxc4 0-1

[Event "III Memorial Aldo Perini A"]
[Site "Senigallia ITA"]
[Date "2009.08.07"]
[Round "7"]
[White "Mazzariol, Oscar"]
[Black "Giuliani, Sante"]
[Result "1-0"]
[WhiteElo "2067"]
[BlackElo "1987"]
[PlyCount "107"]
[EventDate "2009.08.01"]

1. d4 d5 2. c4 Bf5 3. Nc3 e6 4. Nf3 Nf6 5. Bg5 c6 6. Ne5 Be7 7. c5 Nbd7 8. Bxf6
Bxf6 9. Nxd7 Qxd7 10. f4 g5 11. e3 gxf4 12. exf4 Rg8 13. g3 h5 14. Be2 h4 15.
g4 Be4 16. Rg1 Qc7 17. Qd2 O-O-O 18. O-O-O Bh7 19. Qe3 Be7 20. Bd3 Bxd3 21.
Rxd3 Bf6 22. g5 Bg7 23. Rg4 Rh8 24. Ne2 Rde8 25. Ng1 f6 26. gxf6 Bxf6 27. Nf3
Qh7 28. Rd1 Rhg8 29. Rdg1 Rxg4 30. Rxg4 Qf5 31. h3 Rh8 32. b4 b5 33. Ng5 Bxg5
34. Rxg5 Qf6 35. Qe5 Qxe5 36. dxe5 Rh7 37. Kd2 Rf7 38. Rg4 Rh7 39. Ke3 a5 40.
a3 axb4 41. axb4 Rh6 42. Rg8+ Kd7 43. Rg7+ Kd8 44. Kf3 Kc8 45. Kg4 Kd8 46. Kg5
Rh8 47. Ra7 Rg8+ 48. Kf6 Rf8+ 49. Kxe6 Rxf4 50. Kd6 Ke8 51. e6 Kf8 52. e7+ Kf7
53. Ra8 Re4 54. Rf8+ 1-0

[Event "III Memorial Aldo Perini A"]
[Site "Senigallia ITA"]
[Date "2009.08.07"]
[Round "7"]
[White "Neri, Angelo"]
[Black "Cirrincione, Giansalvo"]
[Result "1/2-1/2"]
[WhiteElo "1972"]
[BlackElo "1975"]
[PlyCount "46"]
[EventDate "2009.08.01"]

1. e4 c5 2. Nf3 g6 3. d4 cxd4 4. Qxd4 Nf6 5. Qd3 Bg7 6. Nc3 Nc6 7. a3 O-O 8.
Be2 Ng4 9. O-O d6 10. h3 Nge5 11. Nxe5 Nxe5 12. Qd2 Be6 13. Nd5 Bxd5 14. exd5
Qb6 15. Rb1 Rfc8 16. b3 a5 17. Bb2 a4 18. b4 Nc4 19. Bxc4 Rxc4 20. Bxg7 Kxg7
21. Qe2 Qc7 22. Rfe1 Re8 23. Rbc1 b5 1/2-1/2

[Event "III Memorial Aldo Perini A"]
[Site "Senigallia ITA"]
[Date "2009.08.07"]
[Round "7"]
[White "Pasquotto, Mirko"]
[Black "Scivales, Daniel"]
[Result "1/2-1/2"]
[WhiteElo "1922"]
[BlackElo "2037"]
[PlyCount "39"]
[EventDate "2009.08.01"]

1. d4 Nf6 2. c4 e6 3. Nf3 b6 4. g3 Bb7 5. Bg2 Be7 6. O-O O-O 7. Nc3 Ne4 8. Qc2
Nxc3 9. Qxc3 d6 10. b3 Nd7 11. Bb2 c5 12. e3 Qc7 13. Rfd1 Nf6 14. Rac1 Rac8 15.
d5 e5 16. Nd2 Ne8 17. e4 Bg5 18. Rf1 Bf6 19. Qc2 Rb8 20. f4 1/2-1/2